Entre a história e a Literatura: a identidades nacional em Lima Barreto. = Between history and literatura: the national identity in Lima Barreto /
Збережено в:
| Автор: | |
|---|---|
| Формат: | Текст |
| Предмети: | |
| Теги: |
Додати тег
Немає тегів, Будьте першим, хто поставить тег для цього запису!
|
MARC
| LEADER | 00000 a a2200000 04500 | ||
|---|---|---|---|
| 001 | 8322 | ||
| 003 | |||
| 040 | |||
| 100 | |a da Silveira, Cristiane | ||
| 245 | |a Entre a história e a Literatura: a identidades nacional em Lima Barreto. = |b Between history and literatura: the national identity in Lima Barreto / |c Cristiane da Silveira | ||
| 650 | |a HISTORIA | ||
| 650 | |a LITERATURA | ||
| 650 | |a IDENTIDAD NACIONAL | ||
| 650 | |a POBREZA | ||
| 650 | |a ESTRATIFICACION SOCIAL | ||
| 650 | |a BRASIL | ||
| 773 | |g volumen 23, número 44; páginas 115-145 | ||
| 999 | |c 30351 |d 30351 | ||
